| 000 | 03150cam a22004934i 4500 | ||
|---|---|---|---|
| 003 | PE-LiUPU | ||
| 005 | 20250731173336.0 | ||
| 008 | 150706s r 000 0 d | ||
| 020 | _a9780802807694 | ||
| 035 | _a(Sirsi) i9780802807694 | ||
| 040 |
_aPE-LiUPU _bspa _cPE-LiUPU _erda |
||
| 049 | _aPRUA | ||
| 082 | 0 | 4 |
_a275.62 _bT79 _221 |
| 100 | 1 |
_aTrebilco, Paul, _eautor. |
|
| 245 | 1 | 4 |
_aThe early christians in ephesus from Paul to Ignatius / _cPaul Trebilco. |
| 264 | 1 |
_aGrand Rapids, Michigan : _bWilliam B. Eerdmans Pub. Co., _c2007. |
|
| 300 |
_a826 páginas ; _c23 centímetros |
||
| 336 |
_atext _2rdacontent |
||
| 337 |
_aunmediated _2rdamedia |
||
| 338 |
_avolume _2rdacarrier |
||
| 504 | _aIncluye bibliografía. | ||
| 505 | 0 | _aThe context -- Beginnings in Ephesus -- Paul in Ephesus: the evidence of his letters -- Acts and the early Christians in Ephesus: Beginnings and success -- Acts and the early Christians in Ephesus: endings and departure -- The pastoral epistles, revelation and the Johannine letters -- What do the pastoral epistles tell us about the early Christians in Ephesus? -- What do the Johannine letters tell us about the early Christians in Ephesus? -- Revelation 2:1-7: The proclamation to the Church in Ephesus and the Nicolaitans -- The relationships between the readers of the pastorals, the Johannine letters and revelation -- The wider culture and the readers of the pastorals, the Johannine letters and revelation: acculturation, assimilation and accommodation -- Material possessions and the readers of the pastorals, the Johannine letters and revelation -- Leadership and authority and the readers of the pastoral epistles, the Johannine letters and revelation -- The role of women among the readers of the pastoral epistles, the Johannine letters and revelation -- What shall we call each other? The issue of self -designation in the pastoral epistles, the Johnnine letters and revelation -- The relationships between traditions and communities in Ephesus -- Ignatius' letter to Ephesus -- Who are the addressees of ignatius' letter to Ephesus? -- Ignatius and additional facets of the life of the Christians in Ephesus. | |
| 526 | _aSEG42 | ||
| 526 | _aSEG41 | ||
| 526 | _aSEG40 | ||
| 526 | _aSEG39 | ||
| 526 | _aP94 | ||
| 526 | _aP87 | ||
| 526 | _aP86 | ||
| 526 | _aP85 | ||
| 526 | _aP77 | ||
| 526 | _aP76 | ||
| 526 | _aP35 | ||
| 541 | _g104-3776787-4588217; | ||
| 630 | 0 | 4 |
_aBibia. _pN.T. _xCrítica, Interpretación, etc. |
| 650 | 1 | 4 |
_aIglesia _xHistoria _yEpoca primitiva, ca. 30-600. |
| 651 |
_aEfeso (Ciudad extinta) _xHistoria de la iglesia. |
||
| 910 |
_agl _bjv _clch _d20090807 |
||
| 942 |
_2ddc _cBOOK |
||
| 949 |
_a275.62 T79 _wDEWEY _c1 _i59786 _lCCODEBUL1 _mBUL _p64.00 _r0 _sY _tBOOK _u2015-7-6 _xTEOLOGIA _PP85 _0COMPRA _o.STAFF. Colección General |
||
| 994 |
_aC0 _bPEPRU |
||
| 596 | _a1 | ||
| 999 |
_a275.62 T79 _wDEWEY _c49319 _i59786 _d49319 _e2018-6-18 _f2021-11-11 _g5 _lCCODEBUL1 _mBUL _n2 _p64.00 _q2 _r0 _sY _tBOOK _u2015-7-6 _xTEOLOGIA _PP85 _0COMPRA _o.STAFF. Colección General |
||
| 980 |
_81 _gALBERTO SANCHEZ Responsable de Automatización |
||